Score 0/40 Timer 05:00
0 Plays Today
Name Link % Correct
Nancy BarrymoreDrew
98.3%
Larry LettermanDavid
95.8%
Debbie PotterHarry
91.7%
Warren ColumbusChristopher
91.3%
Piers FreemanMorgan
91.1%
Mariah MulliganCarey
88.3%
George FordHarrison
88.1%
Angelo SwiftTaylor
85.7%
Little NixonRichard
85.1%
Bertrand CroweRussell
83.7%
Luke TrumpDonald
82.1%
Gene Van GoghVincent
81.7%
Alexandra McCartneyPaul
80.8%
Carly CowellSimon
80.7%
Mary BrosnanPierce
80%
Bo JeterDerek
79%
Edmund ClintonHillary
78.7%
Meg LochteRyan
78.6%
Thomas AustenJane
77.3%
John CoolidgeCalvin
76.6%
Name Link % Correct
Chris HudsonRock
76.3%
Andrew PollockJackson
76%
Lionel SamboraRichie
74%
James MartinDean
73.8%
Ricky Van BurenMartin
73.4%
James HooverHerbert
71.7%
Henry JoyceJames
71.4%
Hugh AndersonLaurie
71.2%
Mike GayTyson
71%
Diana PerotRoss
70.2%
Penelope BeckhamCruz
69.7%
Annie LewisLennox
67.4%
Catherine HughesHoward
64.9%
Jimmy BurwellCarter
63.5%
Robert BaioScott
62.2%
Matt AlbarnDamon
57.2%
W.G. KellyGrace
55.2%
Dorothy PoseyParker
52.5%
Kim DjokovicNovak
49.1%
Bob ThomasDylan
46%
Remove Ads.
Support Sporcle.
Get the best of Sporcle when you Go Orange. This ad-free experience offers more features, more stats, and more fun while also helping to support Sporcle. Thank you for becoming a member.

You're not logged in!

Compare scores with friends on all Sporcle quizzes.
OR
Log In

Show Comments

Extras

Top Quizzes Today


Score Distribution

Your Account Isn't Verified!

In order to create a playlist on Sporcle, you need to verify the email address you used during registration. Go to your Sporcle Settings to finish the process.

Report this User

Report this user for behavior that violates our Community Guidelines.

Details: